Finite mathematics / (رقم التسجيلة. 31378)
[ عرض عادي ]
| 000 -الفاتح | |
|---|---|
| حقل البيانات ثابتة الطول | 00584nam a2200217 a 4500 |
| 001 - رقم الضبط | |
| رقم الضبط | ASIN8183564534 |
| 003 - محدد رقم الضبط | |
| رقم الضبط | OSt |
| 005 - وقت وتاريخ اخر تعامل مع التسجيلة | |
| رقم الضبط | 20150408114143.0 |
| 008 - عناصر البيانات ثابتة الطول - معلومات عامة | |
| حقل البيانات ثابتة الطول | 131021s2009 xxu eng d |
| 020 ## - الرقم الدولى المعيارى للكتب | |
| الرقم الدولى المعيارى للكتاب | 8183564534 (hardcover) |
| 020 ## - الرقم الدولى المعيارى للكتب | |
| الرقم الدولى المعيارى للكتاب | 9788183564533 (hardcover) |
| 040 ## - مصدر الفهرسة | |
| وكالة الفهرسة الأصلية | Ma-Un |
| 082 ## - رقم تصنيف ديوى العشرى | |
| رقم الطبعة | 22 |
| رقم التصنيف | 510 |
| 100 1# - المدخل الرئيسى - إسم شخصى | |
| الإسم الشخصى | Sharma, A. K. |
| 9 (RLIN) | 38299 |
| 245 10 - بيان العنوان | |
| العنوان | Finite mathematics / |
| بيان المسئوليه,etc | A. K. Sharma. |
| 260 ## - PUBLICATION, DISTRIBUTION, ETC. (IMPRINT) | |
| مكان الناشر او الموزع | New Delhi : |
| اسم الناشر او الموزع | Discovery Publishing Pvt.Ltd, |
| تاريخ النشر أو التوزيع | 2009. |
| 300 ## - الوصف المادى | |
| التعداد | 305 P. |
| أبعاد الوعاء | 24 cm |
| 520 ## - التبصرة الخاصة بالتعليق أو التلخيص | |
| ملخص,الخ | Finite Mathematics. |
| 650 ## - المدخل الاضافى بالموضوع-مصطلح موضوعى | |
| مصطلح موضوعي أو اسم جغرافي كعنصر مدخل | Mathematics |
| 942 ## - عناصر المدخل الإضافي( كوها) | |
| مصدر التصنيف او مخطط الترفيف | Dewey Decimal Classification |
| Koha [default] item type | كتاب |
| حالة الفقد | نموذج السعر الفعال | حالة تلف | ليس للاعارة | رقم الطلب | رقم النسخة | تاريخ الاكتساب | الموقع الحالي | الباركود | الفرع الرئيسي | Date last seen | نوع المادة فى نظام كوها | مصدر التصنيف او خطة الترفيف | Total Checkouts |
|---|---|---|---|---|---|---|---|---|---|---|---|---|---|
| 2013-10-26 | 510 SAF | n1 | 2013-10-26 | المكتبة المركزية بالمجمعة (CL) | 00451646 | المكتبة المركزية بالمجمعة (CL) | 2013-10-26 | كتاب | Dewey Decimal Classification | ||||
| 2013-10-26 | 510 SAF | n2 | 2013-10-26 | المكتبة المركزية بالمجمعة (CL) | 00451644 | المكتبة المركزية بالمجمعة (CL) | 2013-10-26 | كتاب | Dewey Decimal Classification | ||||
| 2013-10-26 | Not For Loan | 510 SAF | n3 | 2013-10-26 | المكتبة المركزية بالمجمعة (CL) | 00451647 | المكتبة المركزية بالمجمعة (CL) | 2013-10-26 | كتاب | Dewey Decimal Classification | |||
| 2013-10-26 | 510 SAF | n1 | 2013-10-26 | مكتبة مجمع الكليات بالزلفى - طلاب (SZM) | 00451645 | مكتبة مجمع الكليات بالزلفى - طلاب (SZM) | 2013-10-26 | كتاب | Dewey Decimal Classification | ||||
| 2013-10-26 | 510 SAF | n2 | 2013-10-26 | مكتبة مجمع الكليات بالزلفى - طلاب (SZM) | 00451648 | مكتبة مجمع الكليات بالزلفى - طلاب (SZM) | 2013-10-26 | كتاب | Dewey Decimal Classification | ||||
| 2013-10-26 | Not For Loan | 510 SAF | n3 | 2013-10-26 | مكتبة مجمع الكليات بالزلفى - طلاب (SZM) | 00451649 | مكتبة مجمع الكليات بالزلفى - طلاب (SZM) | 2013-10-26 | كتاب | Dewey Decimal Classification |
